Statistics for Top African Languages on a Map

Click here to take the quiz!

General Stats

  • This quiz has been taken 1,072 times
  • The average score is 17 of 37

Answers on the Map

Answers color-coded by a green-red scale on the quiz's map according to % correct below.
Loading ...
 

Answer Stats

Pop Language % Correct
150 mArabic
98%
120 mFrench
91%
15 mSwahili
88%
6.5 mEnglish
87%
7.2 mAfrikaans
85%
10 mZulu
81%
16 mSomali
80%
13 mPortuguese
80%
4.1 mSpanish
73%
21 mAmharic
73%
56 mBerber
72%
7.6 mXhosa
68%
18 mMalagasy
66%
18 mIgbo
59%
5.6 mSesotho
55%
28 mYoruba
54%
5.8 mTswana
53%
9.8 mKinyarwanda
50%
34 mHausa
48%
8.8 mKirundi
44%
1.1 mMauritian Creole
39%
26 mOromo
35%
14 mShona
30%
1.0 mNdebele
27%
9.7 mChewa
22%
7.0 mTigrinya
21%
25 mFulani
20%
4.6 mNorthern Sotho
19%
5.6 mKongo
18%
11 mAkan
16%
5.5 mLingala
13%
7.6 mMossi
10%
6.6 mGikuyu
8%
4.1 mLuganda
7%
4.2 mLuo
5%
6.0 mUmbundu
3%
6.3 mTshiluba
3%

Score Distribution

Percentile by Number Answered

Percent of People with Each Score

Your Score History

You have not taken this quiz